The Thoughtful guide to islam / (Record no. 125367)

MARC details
000 -LEADER
fixed length control field 00660nam a22002417a 4500
003 - CONTROL NUMBER IDENTIFIER
control field 0
005 - DATE AND TIME OF LATEST TRANSACTION
control field 20180810131857.0
008 - FIXED-LENGTH DATA ELEMENTS--GENERAL INFORMATION
fixed length control field 0
010 ## - LIBRARY OF CONGRESS CONTROL NUMBER
LC control number B-220724
020 ## - INTERNATIONAL STANDARD BOOK NUMBER
Terms of availability 495.00
International Standard Book Number 8186505806
035 ## - SYSTEM CONTROL NUMBER
System control number B-220724, B-220728
037 ## - SOURCE OF ACQUISITION
Source of stock number/acquisition Cen Lib/Ret
040 ## - CATALOGING SOURCE
Original cataloging agency DPL
Language of cataloging EN
Transcribing agency 0
082 ## - DEWEY DECIMAL CLASSIFICATION NUMBER
Classification number 270
Item number HAE
100 ## - MAIN ENTRY--PERSONAL NAME
Personal name Haeri, Shaykh Fadhlalla
9 (RLIN) 83033
245 ## - TITLE STATEMENT
Title The Thoughtful guide to islam /
Statement of responsibility, etc by Shaykh Fadhlalla Haeri
260 ## - PUBLICATION, DISTRIBUTION, ETC. (IMPRINT)
Place of publication, distribution, etc New Delhi
Date of publication, distribution, etc 2006
Name of publisher, distributor, etc Bhavana books
270 ## - ADDRESS
City New Delhi
Address A-38, hauz khas
300 ## - PHYSICAL DESCRIPTION
Extent 176p.
Dimensions 21cm(Hb)
500 ## - GENERAL NOTE
General note Includes glossary
650 ## - SUBJECT ADDED ENTRY--TOPICAL TERM
Topical term or geographic name as entry element Islam
Form subdivision guide
9 (RLIN) 83034
942 ## - ADDED ENTRY ELEMENTS (KOHA)
Source of classification or shelving scheme Dewey Decimal Classification
Koha item type English Books
Classification part 270
Call number suffix HAE
Holdings
Withdrawn status Lost status Damaged status Not for loan Home library Current library Date acquired Source of acquisition Cost, normal purchase price Total Checkouts Total Renewals Full call number Barcode Date last seen Date checked out Copy number Cost, replacement price Price effective from Koha item type Source of classification or shelving scheme Collection code
        Central Library Central Library 20/06/2015 Cen Lib/Ret 495.00 10 4 270 HAE B-220724 16/08/2024 01/08/2024 1 495.00 20/06/2015 English Books    
        Shahdara Branch Shahdara Branch 10/08/2018 BPPD/PUB 495.00 2   270 HAE B-220728 30/12/2019 23/12/2019   495.00 10/08/2018 English Books Dewey Decimal Classification Non-fiction

© Delhi Public Library
Hit Counter
free hit counter